[Event "Norway Chess Open GM 2024"]
[Site "Stavanger NOR"]
[Date "2024.05.27"]
[Round "6.6"]
[White "Seo, Jung Min"]
[Black "Skytte, Rasmus"]
[Result "1-0"]
[WhiteTitle "IM"]
[BlackTitle "IM"]
[WhiteElo "2451"]
[BlackElo "2358"]
[WhiteFideId "1734687"]
[BlackFideId "1404210"]
[EventDate "2024.05.24"]

1. d4 Nf6 2. c4 c5 3. d5 d6 4. Nc3 g6 5. e4 Bg7 6. Nge2 b5 7. cxb5 a6 8. Ng3 O-O
9. a4 e6 10. Be2 exd5 11. exd5 axb5 12. Bxb5 Qe7+ 13. Nge2 Bb7 14. O-O Na6 15.
Ng3 Nb4 16. Re1 Qd8 17. Bc4 Nd7 18. Nge4 Nb6 19. Ba2 Qd7 20. Bg5 Nxa4 21. Bb3
Nxb2 22. Qd2 f5 23. Rxa8 Bxa8 24. Nxc5 dxc5 25. Re7 Qd6 26. Qxb2 Nd3 27. Qd2 Ne5
28. Ba2 Ng4 29. Bf4 Qf6 30. d6+ Kh8 31. Nd1 Bc6 32. h3 1-0

[Event "Norway Chess Open GM 2024"]
[Site "Stavanger NOR"]
[Date "2024.05.27"]
[Round "6.7"]
[White "Eliseev, Sergey"]
[Black "Urkedal, Frode Olav Olsen"]
[Result "1/2-1/2"]
[BlackTitle "GM"]
[WhiteElo "2292"]
[BlackElo "2560"]
[WhiteFideId "1534734"]
[BlackFideId "1506102"]
[EventDate "2024.05.24"]

1. e4 c5 2. Nf3 d6 3. d4 cxd4 4. Nxd4 Nf6 5. Nc3 a6 6. a4 Nc6 7. Nxc6 bxc6 8. a5
e6 9. Bd3 Be7 10. Bd2 O-O 11. O-O Qc7 12. Qe2 Bb7 13. f4 Nd7 14. b4 Bf6 15. e5
dxe5 16. Ne4 c5 17. Nxf6+ Nxf6 18. fxe5 Nd7 19. Rae1 cxb4 20. Rf4 Nc5 21. Rh4
Nxd3 22. Qxd3 g6 23. Bg5 Rfd8 24. Bxd8 Rxd8 25. Rd4 Qc5 26. Rd1 Rd5 27. Qd2 Kg7
28. Qf2 Rxe5 29. Rd7 Qxf2+ 30. Kxf2 Rf5+ 31. Kg1 Be4 32. Rc7 Rxa5 33. Rd4 b3 34.
cxb3 Ra1+ 35. Kf2 Bd5 36. Ra4 Rb1 37. Rxa6 Rb2+ 38. Ke1 Rxg2 39. Raa7 e5 40. b4
Rxh2 41. Rc5 Be6 42. Rxe5 Kf6 43. Re2 Rh1+ 44. Kf2 Rb1 45. Rb7 h5 46. Re1 Rb2+
47. Re2 Rb1 48. Re1 Rxe1 49. Kxe1 h4 50. Rc7 Bd5 51. Kf1 g5 52. b5 g4 53. Rc5
Bf3 54. Rh5 h3 55. Kf2 Ke6 56. b6 Kd7 57. Kg3 Kc6 58. Rh6+ Kb7 59. Rh7 Kxb6 1/2-1/2

[Event "Norway Chess Open GM 2024"]
[Site "Stavanger NOR"]
[Date "2024.05.27"]
[Round "6.8"]
[White "Myagmarsuren, Evsuld"]
[Black "Johansson, Linus"]
[Result "0-1"]
[WhiteTitle "CM"]
[BlackTitle "IM"]
[WhiteElo "2016"]
[BlackElo "2448"]
[WhiteFideId "1551639"]
[BlackFideId "1711113"]
[EventDate "2024.05.24"]

1. e4 c5 2. Nf3 d6 3. d4 cxd4 4. Nxd4 Nf6 5. Nc3 a6 6. Be3 e5 7. Nb3 Be7 8. f3
Be6 9. Qd2 h5 10. Nd5 Nxd5 11. exd5 Bf5 12. Be2 a5 13. a4 Nd7 14. O-O O-O 15.
Bb5 Nf6 16. c4 Bd7 17. Qf2 Bxb5 18. Bb6 Qc8 19. cxb5 Nxd5 20. Rfc1 Qe6 21. Bxa5
Nf4 22. Rc3 d5 23. Re3 d4 24. Nxd4 Qg6 25. Kh1 Bc5 26. Nc6 bxc6 0-1

[Event "Norway Chess Open GM 2024"]
[Site "Stavanger NOR"]
[Date "2024.05.27"]
[Round "6.9"]
[White "Miezis, Normunds"]
[Black "Pourkashiyan, Atousa"]
[Result "1-0"]
[WhiteTitle "GM"]
[BlackTitle "WGM"]
[WhiteElo "2424"]
[BlackElo "2272"]
[WhiteFideId "11600136"]
[BlackFideId "12502014"]
[EventDate "2024.05.24"]

1. c4 e6 2. e4 d5 3. exd5 exd5 4. cxd5 Nf6 5. Nc3 Nxd5 6. Nf3 Nc6 7. Bb5 Qe7+ 8.
Kf1 Nxc3 9. bxc3 Bd7 10. d4 O-O-O 11. Rb1 Qe4 12. Bd3 Qd5 13. Qc2 Re8 14. h3 g6
15. c4 Qd6 16. Qb3 Qb4 17. Qd1 Qe7 18. Qa4 a6 19. Qb3 Qb4 20. Qd1 Qa5 21. a3 Bf5
22. d5 Nd4 23. Bxf5+ Nxf5 24. Qb3 b6 25. g4 Nd6 26. Bb2 Rg8 27. Kg2 Qc5 28. Rbc1
Bg7 29. Bxg7 Rxg7 30. Qb4 Ne4 31. Qb2 Rgg8 32. Rhe1 h5 33. g5 h4 34. Re2 Nd6 35.
Ne5 Nf5 36. Nc6 Rxe2 37. Qxe2 Qxa3 38. Re1 Kb7 39. Qe5 Qd6 40. Qf6 Qxf6 41. gxf6
a5 42. Ne5 Nd6 43. Kf3 a4 44. Ke3 a3 45. Kd4 Ra8 46. Ra1 a2 47. Kc3 g5 48. Kb3
Re8 49. Nc6 Re2 50. f3 Kc8 51. Nd4 Rd2 52. Nc6 Rf2 53. Ne5 Re2 54. Nc6 Kd7 55.
Rxa2 Re3+ 56. Kb4 Re8 57. Rg2 Nb7 58. Rxg5 Kd6 59. Nd4 Re1 60. Nb5+ Kd7 61. Rg7
Nd8 62. Rh7 Re3 63. Nd4 Rd3 64. Rxh4 Nb7 65. Nc6 Kd6 66. Rh8 Rxf3 67. Rb8 b5 68.
Nd4 Rxh3 69. Nxb5+ 1-0

[Event "Norway Chess Open GM 2024"]
[Site "Stavanger NOR"]
[Date "2024.05.27"]
[Round "6.10"]
[White "Zylka, Stanislaw"]
[Black "Frederic, Clement"]
[Result "1-0"]
[WhiteTitle "IM"]
[WhiteElo "2396"]
[BlackElo "2251"]
[WhiteFideId "1189654"]
[BlackFideId "637319"]
[EventDate "2024.05.24"]

1. e4 d6 2. d4 Nf6 3. Nc3 Nbd7 4. Nf3 e5 5. Bc4 Be7 6. O-O c6 7. a4 Qc7 8. Re1
h6 9. Ba2 Nf8 10. Nh4 g6 11. h3 Ne6 12. d5 Ng7 13. Nf3 c5 14. Nd2 g5 15. Nc4
Nfh5 16. a5 Nf4 17. Bd2 O-O 18. Bb3 Ne8 19. Ba4 Qd8 20. a6 b6 21. Bc6 Rb8 22.
Nb5 Nc7 23. Nxc7 Qxc7 24. b4 cxb4 25. Bxb4 Ng6 26. Qd3 Bd7 27. Bxd7 Qxd7 28. Qa3
Rfd8 29. Ne3 Rbc8 30. Qa4 Bf8 31. Qxd7 Rxd7 32. g3 Ne7 33. Kf1 Kh7 34. Ke2 Kg6
35. Kd3 f5 36. f3 Kf6 37. Bc3 Rdc7 38. Ra3 Rd8 39. f4 gxf4 40. gxf4 Ng6 41. Rf1
fxe4+ 42. Kxe4 Kg7 43. f5 Nh8 44. Be1 Nf7 45. h4 Be7 46. c4 h5 47. Ra2 Bf6 48.
Rg2+ Kf8 49. Rg6 Ke7 50. Rfg1 Rh8 51. Rg8 Rc8 52. Rxc8 Rxc8 53. Rg6 Rb8 54. Bb4
Rc8 55. Kd3 Rh8 56. Nd1 Bxh4 57. Re6+ Kd7 58. f6 Re8 59. Rxe8 Kxe8 60. Nc3 Kd7
61. Nb5 Kc8 62. Bxd6 Nxd6 63. Nxd6+ Kd7 64. f7 Be7 65. Nf5 Ba3 66. Ke4 h4 67.
Nxh4 Ke7 68. Ng6+ Kxf7 69. Nxe5+ Ke8 70. Nc6 Bc5 71. Nxa7 Kd7 72. Nb5 Kc8 73.
Ke5 1-0

[Event "Norway Chess Open GM 2024"]
[Site "Stavanger NOR"]
[Date "2024.05.27"]
[Round "6.11"]
[White "Savitha, Shri B"]
[Black "Cornileau, Juliette"]
[Result "1-0"]
[WhiteTitle "WGM"]
[BlackTitle "WFM"]
[WhiteElo "2363"]
[BlackElo "1986"]
[WhiteFideId "35061887"]
[BlackFideId "36083372"]
[EventDate "2024.05.24"]

1. e4 e5 2. Nf3 Nc6 3. Bb5 a6 4. Ba4 Nf6 5. O-O Be7 6. d3 b5 7. Bb3 d6 8. a3 O-O
9. Nc3 h6 10. Nd5 Nxd5 11. Bxd5 Qe8 12. Be3 Rb8 13. b4 Bf6 14. c4 Bg4 15. c5 Be6
16. cxd6 cxd6 17. Nd2 Bg5 18. Bxc6 Qxc6 19. Rc1 Qb7 20. Bxg5 hxg5 21. Nf3 f6 22.
h4 g4 23. Nh2 Rbc8 24. Rxc8 Qxc8 25. Qd2 Qb7 26. Re1 Qb6 27. Rc1 Qd4 28. Nf1 f5
29. Qe3 fxe4 30. Qxd4 exd4 31. dxe4 Bc4 32. Nd2 Re8 33. Re1 Bd3 34. f3 gxf3 35.
gxf3 Bc2 36. Rc1 Rc8 37. Kf2 Rc3 38. Rg1 Rd3 39. Ke2 Re3+ 40. Kf2 Rd3 41. Ke2
Re3+ 42. Kf2 Rxa3 43. Rg6 d5 44. Rd6 Rd3 45. Nf1 dxe4 46. fxe4 Rc3 47. Rxd4 Rc4
48. Ke3 Bb3 49. Nd2 Rc3+ 50. Rd3 Rxd3+ 51. Kxd3 Ba2 52. Kd4 Kf7 53. Kc5 Ke6 54.
Nf3 Bb1 55. Kb6 Kf6 56. Ng5 Bd3 57. Kxa6 Ke5 58. Kb6 Kd6 59. Kb7 Bc2 60. Kc8 Ke5
61. Kd7 Kd4 62. Kd6 Kc4 63. e5 Bg6 64. e6 Kxb4 65. Ke7 Kc3 66. Kf8 b4 67. e7 b3
68. Nf7 Bxf7 69. Kxf7 b2 70. e8=Q b1=Q 71. Qe3+ Kc4 72. Qf4+ Kd5 73. Qg5+ Kd4
74. Qxg7+ Ke3 75. Qg3+ Kd4 76. Qf4+ Kd5 77. Qg5+ Kd4 78. Qf6+ Kd5 79. Kg7 Qg1+
80. Qg5+ 1-0

[Event "Norway Chess Open GM 2024"]
[Site "Stavanger NOR"]
[Date "2024.05.27"]
[Round "6.12"]
[White "Bech, Havard Eriksen"]
[Black "Stanojevic, Ilija"]
[Result "0-1"]
[BlackTitle "CM"]
[WhiteElo "1898"]
[BlackElo "2317"]
[WhiteFideId "1564684"]
[BlackFideId "959995"]
[EventDate "2024.05.24"]

1. d4 d5 2. c4 e6 3. Nf3 Nf6 4. Nc3 Nbd7 5. Bf4 dxc4 6. e3 Nd5 7. Bxc4 Nxf4 8.
exf4 Nb6 9. Bb3 Bd6 10. g3 Bd7 11. O-O O-O 12. Qd3 Bc6 13. Ng5 g6 14. Nge4 Be7
15. Rfd1 Nd5 16. Nxd5 exd5 17. Nc3 Qd6 18. h4 Bf6 19. Qf3 Rad8 20. a3 Kg7 21. h5
Qe6 22. Kg2 Bd7 23. Rh1 c6 24. Rad1 Rde8 25. Bc2 Qg4 26. Qxg4 Bxg4 27. f3 Bd7
28. g4 Re3 29. g5 Bd8 30. Kf2 Re7 31. Rh4 Kg8 32. b4 b5 33. a4 a6 34. axb5 axb5
35. Ra1 Bb6 36. f5 gxf5 37. Ne2 Rfe8 38. Bd1 Bc8 39. Nc1 Re4 40. fxe4 Bxd4+ 0-1

[Event "Norway Chess Open GM 2024"]
[Site "Stavanger NOR"]
[Date "2024.05.27"]
[Round "6.13"]
[White "Fiskaaen, Martin Holten"]
[Black "Shehzad, Shazil"]
[Result "0-1"]
[BlackTitle "FM"]
[WhiteElo "2116"]
[BlackElo "2314"]
[WhiteFideId "1550233"]
[BlackFideId "1521942"]
[EventDate "2024.05.24"]

1. d4 Nf6 2. c4 e6 3. g3 Bb4+ 4. Bd2 Qe7 5. Bg2 Nc6 6. e3 e5 7. d5 Bxd2+ 8. Nxd2
Nb8 9. Ne2 a5 10. O-O d6 11. Nc3 h5 12. h3 Na6 13. a3 Bd7 14. b4 O-O 15. Qb3 Nh7
16. Kh2 Kh8 17. Rae1 f5 18. f4 axb4 19. axb4 h4 20. gxh4 e4 21. h5 Qh4 22. Ne2
Nf6 23. Rc1 Nxh5 24. c5 Qf6 25. Rg1 Rg8 26. Nf1 g5 27. Nfg3 Nxg3 28. Nxg3 Kh7
29. Ne2 g4 30. Bf1 Qh4 31. Ng3 Rg6 32. cxd6 cxd6 33. Qc3 Nxb4 34. Qxb4 Ra2+ 35.
Rg2 gxh3 0-1

[Event "Norway Chess Open GM 2024"]
[Site "Stavanger NOR"]
[Date "2024.05.27"]
[Round "6.14"]
[White "Tomaszewski, Kacper"]
[Black "Uritsky, Yonathan"]
[Result "1/2-1/2"]
[WhiteTitle "FM"]
[BlackTitle "CM"]
[WhiteElo "2300"]
[BlackElo "2185"]
[WhiteFideId "1127373"]
[BlackFideId "2825651"]
[EventDate "2024.05.24"]

1. Nf3 c5 2. e4 Nc6 3. c3 e6 4. d4 d5 5. e5 Bd7 6. Na3 cxd4 7. cxd4 Nge7 8. Nc2
Ng6 9. h4 Rc8 10. h5 Nb4 11. Nxb4 Bxb4+ 12. Bd2 Bxd2+ 13. Qxd2 Ne7 14. Bd3 Qb6
15. Rd1 Bb5 16. Bb1 h6 17. Rh4 a5 18. Rg4 Kf8 19. Nh4 Ba6 20. f4 f5 21. exf6
gxf6 22. Kf2 f5 23. Rg3 Kf7 24. Rb3 Qd6 25. Nf3 Nc6 26. Re1 b5 27. Rbe3 Rhe8 28.
Ne5+ Nxe5 29. Rxe5 b4 30. g4 Qd8 31. Rh1 Kg7 32. gxf5 Qf6 33. Qe3 Rc6 34. Rg1+
Kh8 35. Rg6 Qh4+ 36. Kg2 Rg8 37. Rxg8+ Kxg8 38. fxe6 Bf1+ 39. Kg1 Bh3 40. Kh2
Bf1+ 41. Kg1 1/2-1/2

[Event "Norway Chess Open GM 2024"]
[Site "Stavanger NOR"]
[Date "2024.05.27"]
[Round "6.15"]
[White "Papp, Sarah"]
[Black "Bjerke, Richard"]
[Result "1-0"]
[WhiteTitle "IM"]
[BlackTitle "FM"]
[WhiteElo "2296"]
[BlackElo "2044"]
[WhiteFideId "24606812"]
[BlackFideId "1500252"]
[EventDate "2024.05.24"]

1. e4 e5 2. Bc4 Nf6 3. d3 c6 4. Nf3 d5 5. Bb3 Bd6 6. Nc3 Be6 7. Bg5 d4 8. Ne2
Bxb3 9. axb3 h6 10. Bd2 c5 11. Ng3 g6 12. Qc1 h5 13. Bg5 Nbd7 14. O-O Be7 15.
Ne2 Nh7 16. Bxe7 Qxe7 17. Nd2 O-O 18. f4 f6 19. Qe1 Qg7 20. Qh4 exf4 21. Qxf4
Ne5 22. Qg3 g5 23. Nc4 h4 24. Qh3 Qe7 25. Rf5 b5 26. Nxe5 fxe5 27. Ra6 Rae8 28.
g4 Rxf5 29. gxf5 Nf6 30. Kh1 Qf7 31. Ng1 c4 32. Qg2 Qg7 33. bxc4 bxc4 34. dxc4
g4 35. h3 g3 36. Nf3 Qh6 37. Qd2 Qxd2 38. Nxd2 Nh5 39. Nf3 Nf4 40. Nxh4 Re7 41.
Ng6 Rg7 42. Nxf4 exf4 43. Rg6 f3 44. c5 1-0

[Event "Norway Chess Open GM 2024"]
[Site "Stavanger NOR"]
[Date "2024.05.27"]
[Round "6.16"]
[White "Saveljevs, Aleksandrs"]
[Black "Ostensen, Nicolai Maxime"]
[Result "1/2-1/2"]
[BlackTitle "FM"]
[WhiteElo "1987"]
[BlackElo "2234"]
[WhiteFideId "11601779"]
[BlackFideId "1546970"]
[EventDate "2024.05.24"]

1. e4 c5 2. Nc3 Nc6 3. Bb5 Nd4 4. Nf3 e6 5. O-O a6 6. Bd3 Nc6 7. b3 g6 8. Bb2
Bg7 9. Na4 Bxb2 10. Nxb2 d6 11. c3 e5 12. Bc4 Bg4 13. h3 Bxf3 14. Qxf3 Qf6 15.
Qxf6 Nxf6 16. f4 Ke7 17. Bd5 Rac8 18. fxe5 dxe5 19. Nd3 Nxd5 20. exd5 Rhd8 21.
c4 b6 22. Rae1 f6 23. g4 g5 24. Nf2 Nb4 25. Re2 Rf8 26. a3 Nc2 27. Ne4 Rf7 28.
Ref2 Rcf8 29. Kg2 h6 30. Ng3 Nd4 31. b4 Rc8 32. d3 b5 33. bxc5 bxc4 34. dxc4
Rxc5 35. Rc1 Nb3 36. Ne4 Rxd5 37. cxd5 Nxc1 38. Rc2 Nd3 39. Rc6 Nf4+ 40. Kg3
Nxd5 41. Rxa6 Rf8 42. Ra7+ Ke6 43. Ra6+ Ke7 44. Ra7+ Ke6 45. Ra6+ 1/2-1/2

[Event "Norway Chess Open GM 2024"]
[Site "Stavanger NOR"]
[Date "2024.05.27"]
[Round "6.17"]
[White "Riisem, Oyvind"]
[Black "Hestholm, Gustav"]
[Result "1/2-1/2"]
[WhiteElo "2203"]
[BlackElo "2041"]
[WhiteFideId "1504673"]
[BlackFideId "1529153"]
[EventDate "2024.05.24"]

1. d4 Nf6 2. c4 e6 3. Nc3 Bb4 4. e3 O-O 5. Ne2 d5 6. a3 Be7 7. Nf4 dxc4 8. Bxc4
c5 9. d5 exd5 10. Nfxd5 Nxd5 11. Nxd5 Nd7 12. O-O Nb6 13. Nxe7+ Qxe7 14. Bd3 Rd8
15. Qc2 h6 16. b3 Be6 17. Bb2 Rac8 18. Bh7+ Kh8 19. Qc3 f6 20. Bb1 Bg8 21. Bf5
Rc7 22. e4 Qf7 23. Rfd1 Re8 24. Qg3 Bh7 25. Bxh7 Kxh7 26. e5 fxe5 27. Bxe5 Rc6
28. f4 c4 29. bxc4 Nxc4 30. Bd4 a6 31. f5 Nd6 32. Rf1 Ne4 33. Qf4 Nf6 34. h3 Re4
35. Qf2 Rc4 36. Rad1 b5 37. Rd3 Rc6 38. Qf3 Qe8 39. Rfd1 Re1+ 40. Rxe1 Qxe1+ 41.
Kh2 Qe8 42. Re3 Qd7 43. Be5 a5 44. Rd3 Qe7 45. Qf4 Nh5 46. Qd4 Rc4 47. Qd6 Qxd6
48. Rxd6 Re4 49. Re6 Re2 50. Kg1 b4 51. axb4 axb4 52. Kf1 Re4 53. g4 Nf4 54.
Bxf4 Rxf4+ 55. Kg2 Kg8 56. Rb6 Rc4 57. Kg3 Rc3+ 58. Kh4 b3 59. Kh5 Kf7 60. h4
Rh3 61. Rb7+ Kf6 62. Rb6+ Kf7 63. Rb7+ 1/2-1/2

[Event "Norway Chess Open GM 2024"]
[Site "Stavanger NOR"]
[Date "2024.05.27"]
[Round "6.18"]
[White "Grotnes, Nils Ragnar"]
[Black "Derlich, Sarah Sima"]
[Result "1-0"]
[WhiteTitle "FM"]
[WhiteElo "2149"]
[BlackElo "1945"]
[WhiteFideId "1500317"]
[BlackFideId "1469290"]
[EventDate "2024.05.24"]

1. d4 d5 2. c4 e6 3. Nc3 Nf6 4. Bg5 Be7 5. e3 c6 6. Qc2 O-O 7. Nf3 Nbd7 8. a3
Qa5 9. c5 Qd8 10. b4 b6 11. Bd3 h6 12. Bf4 a5 13. O-O Ba6 14. Bxa6 Rxa6 15. b5
Ra7 16. bxc6 Nb8 17. Nb5 Nxc6 18. Nxa7 Nxa7 19. cxb6 Qxb6 20. Rfb1 Qc6 21. Qxc6
Nxc6 22. Rb6 Nd8 23. Ra6 Ne4 24. Rxa5 g5 25. Bc7 Nb7 26. Ra7 Nbd6 27. a4 Rc8 28.
Ne5 f6 29. Ng6 Bd8 30. Bxd8 Rxd8 31. Ne7+ Kf8 32. Rb1 Nc3 33. Rb3 Nc8 34. Ng6+
Ke8 35. Rh7 Nxa4 36. Rbb7 1-0

[Event "Norway Chess Open GM 2024"]
[Site "Stavanger NOR"]
[Date "2024.05.27"]
[Round "6.19"]
[White "Gasland, Lukas Dominik"]
[Black "Dammann, Jorn"]
[Result "0-1"]
[WhiteElo "2063"]
[BlackElo "1953"]
[WhiteFideId "1557882"]
[BlackFideId "30937124"]
[EventDate "2024.05.24"]

1. d4 d5 2. c4 e6 3. Nf3 Nf6 4. Nc3 Be7 5. cxd5 exd5 6. Bg5 c6 7. e3 Bf5 8. Bd3
Bxd3 9. Qxd3 Nbd7 10. O-O O-O 11. Rfe1 Ne4 12. Bxe7 Qxe7 13. Nd2 f5 14. f3 Nxd2
15. Qxd2 Qg5 16. Qc2 Rae8 17. e4 dxe4 18. fxe4 f4 19. Kh1 c5 20. Qb3+ Kh8 21.
Qxb7 Nf6 22. e5 Ng4 23. Qf3 cxd4 24. Ne4 Qh4 25. h3 Nxe5 26. Qb3 f3 27. Nd6
fxg2+ 28. Kxg2 Rb8 29. Qc2 d3 0-1

[Event "Norway Chess Open GM 2024"]
[Site "Stavanger NOR"]
[Date "2024.05.27"]
[Round "6.20"]
[White "Stevens, Christian FRA"]
[Black "Torfoss, Sivert Schanche"]
[Result "1/2-1/2"]
[WhiteElo "1936"]
[BlackElo "2059"]
[WhiteFideId "649090"]
[BlackFideId "1542761"]
[EventDate "2024.05.24"]

1. e4 e5 2. Nf3 Nc6 3. Bc4 Bc5 4. c3 Nf6 5. d4 exd4 6. cxd4 Bb4+ 7. Bd2 Bxd2+ 8.
Nbxd2 d5 9. exd5 Nxd5 10. Qb3 Na5 11. Qa4+ c6 12. Bxd5 Qxd5 13. O-O O-O 14. Rfe1
b6 15. Re5 Qd6 16. b4 Nb7 17. Rc1 Bd7 18. Ne4 Qh6 19. Re1 Nd6 20. Ng3 b5 21. Qc2
Nc4 22. Rh5 Qg6 23. Qc1 h6 24. Ne5 Nxe5 25. Rhxe5 Qd6 26. Qc3 Rfe8 27. Ne4 Qg6
28. Qg3 Qxg3 29. hxg3 Rxe5 30. dxe5 Be6 31. a3 a5 32. Rc1 axb4 33. axb4 Bd5 34.
Nc3 Bc4 35. Rb1 Ra3 36. Ne4 Ra2 37. f3 Re2 38. g4 Bd3 39. Ng3 Rxe5 40. Rc1 Bc4
41. Ne4 Rd5 42. Kf2 Rd4 43. Nc5 Rd2+ 44. Kg3 Rb2 45. Na6 g5 46. Nb8 Rxb4 47.
Nxc6 Rb2 48. Nd4 Kh7 49. Nf5 Be6 50. Nd4 Ba2 51. Rc6 b4 52. Rb6 b3 53. Rb7 Kg7
54. f4 gxf4+ 55. Kxf4 Rf2+ 56. Kg3 Rd2 57. Nf3 Rc2 58. Nd4 Rd2 59. Nf3 Rd3 60.
Kf4 Bb1 61. g5 hxg5+ 62. Kxg5 Bc2 63. Kf4 Rd1 64. Ke3 Ra1 65. Kd2 Ra2 66. Kc3
Be4 67. Rxb3 Rxg2 68. Kd4 f5 69. Ne5 Kh6 70. Rb8 Re2 71. Rg8 Ra2 72. Ke3 Ra4 73.
Kf2 Bd5 74. Rd8 Bb7 75. Rd7 Ba8 76. Rd8 Kg5 77. Nf3+ Kf6 78. Rd6+ Ke7 79. Rb6
Bd5 80. Rh6 f4 81. Ne5 Ra2+ 82. Kf1 Bg2+ 83. Ke1 f3 84. Nd3 Re2+ 85. Kd1 f2 86.
Nxf2 Rxf2 87. Ke1 Ra2 88. Rb6 Bd5 89. Kd1 Be6 90. Kc1 Kf6 91. Rb2 Ra3 92. Rb5
Rd3 93. Kc2 Rd6 94. Kc3 Bd5 95. Rb8 Ke5 96. Re8+ Be6 97. Ra8 Ke4 98. Ra7 Rc6+
99. Kd2 Kd4 100. Ke2 Rc2+ 101. Kf3 Bd5+ 102. Kg3 Rg2+ 103. Kf4 Rf2+ 104. Kg3
Rf3+ 105. Kg4 Rf8 106. Ra1 Ke5 107. Kg3 Rg8+ 108. Kf2 Kf4 109. Ke2 Be4 110. Kd2
Rc8 111. Rf1+ Ke5 112. Ra1 Rc2+ 113. Ke3 Rh2 114. Ra5+ Bd5 115. Ra4 Rh3+ 116.
Kd2 Rf3 117. Rb4 Be4 118. Ra4 Rb3 119. Ra5+ Bd5 120. Ra4 Rb2+ 121. Kc3 Rh2 122.
Rg4 Rh3+ 123. Kd2 Be4 124. Rg8 Kd4 125. Rd8+ Bd5 126. Re8 Rh2+ 127. Re2 Rh3 128.
Re8 Rb3 129. Rc8 Rd3+ 130. Ke2 Rf3 131. Re8 Rf4 132. Re7 Bc4+ 133. Ke1 Kc3 134.
Kd1 Rf1+ 135. Re1 Bb3+ 136. Ke2 Rxe1+ 137. Kxe1 1/2-1/2

[Event "Norway Chess Open GM 2024"]
[Site "Stavanger NOR"]
[Date "2024.05.27"]
[Round "6.21"]
[White "Martin, Nils"]
[Black "Lilliehook, Victor"]
[Result "1/2-1/2"]
[WhiteElo "2057"]
[BlackElo "1928"]
[WhiteFideId "45160473"]
[BlackFideId "1752103"]
[EventDate "2024.05.24"]

1. e4 c5 2. Nf3 Nc6 3. d4 cxd4 4. Nxd4 Nf6 5. Nc3 e5 6. Ndb5 d6 7. Bg5 a6 8. Na3
b5 9. Nab1 Be7 10. Bxf6 Bxf6 11. a4 Nd4 12. axb5 Bg4 13. Qd3 axb5 14. Rxa8 Qxa8
15. Nxb5 Nxb5 16. Qxb5+ Bd7 17. Qd3 Qa1 18. c4 Qxb2 19. Be2 O-O 20. O-O Be6 21.
h3 Bd8 22. Nc3 Qa3 23. Rd1 Ba5 24. Nb5 Qxd3 25. Bxd3 Bb4 26. Be2 Rc8 27. Nxd6
Rd8 28. Nf5 Rxd1+ 29. Bxd1 Bxc4 30. Ne3 Be6 31. Bg4 Bb3 32. Bd1 1/2-1/2

[Event "Norway Chess Open GM 2024"]
[Site "Stavanger NOR"]
[Date "2024.05.27"]
[Round "6.22"]
[White "Azikri, Gur"]
[Black "Vasilijevic, Vili"]
[Result "1-0"]
[WhiteElo "1948"]
[BlackElo "1980"]
[WhiteFideId "2812738"]
[BlackFideId "14547104"]
[EventDate "2024.05.24"]

1. c4 e6 2. Nc3 d5 3. e3 Nf6 4. Nf3 Be7 5. b3 b6 6. Bb2 O-O 7. Qc2 Bb7 8. Be2 c5
9. cxd5 exd5 10. d4 Nc6 11. dxc5 bxc5 12. O-O Qc7 13. Rfd1 Rfd8 14. Rac1 Rac8
15. Qf5 Qd7 16. Qxd7 Rxd7 17. Na4 Ne4 18. Bb5 Rdd8 19. Ne1 Nb4 20. a3 Ba6 21.
Bf1 Bxf1 22. Kxf1 Na6 23. f3 Ng5 24. Rd3 Rb8 25. Be5 Rb5 26. Rcd1 f6 27. Bg3 Kf7
28. Nc2 Ke6 29. Na1 Rb7 30. Nc3 d4 31. Ne2 Kf7 32. exd4 cxd4 33. b4 Ne6 34. Nb3
Rbd7 35. Nexd4 Nac7 36. Nxe6 Kxe6 37. Rxd7 Rxd7 38. Rxd7 Kxd7 39. Nd4 g6 40. Ke2
a6 41. Bxc7 Kxc7 42. Kd3 Kd6 43. Kc4 Bf8 44. Nb3 Bh6 45. Nc5 a5 46. Nb7+ 1-0

[Event "Norway Chess Open GM 2024"]
[Site "Stavanger NOR"]
[Date "2024.05.27"]
[Round "6.23"]
[White "Bezo, Stefan"]
[Black "Bekmukhanov, Sauran"]
[Result "1-0"]
[WhiteElo "2065"]
[BlackElo "1844"]
[WhiteFideId "14907682"]
[BlackFideId "1472844"]
[EventDate "2024.05.24"]

1. e4 e5 2. Nf3 Nc6 3. d4 exd4 4. Nxd4 Nf6 5. Nc3 Bb4 6. Nxc6 bxc6 7. Bd3 d5 8.
exd5 cxd5 9. O-O O-O 10. Bg5 Bb7 11. Qf3 Be7 12. Rfe1 h6 13. Bh4 Rb8 14. Qf5 g6
15. Qf4 Kg7 16. Re2 Bd6 17. Qc1 c5 18. b3 Be7 19. Bg3 Rc8 20. Qb2 a6 21. Rae1
Bd6 22. Bh4 g5 23. Bg3 Qc7 24. Re7 Qxe7 25. Rxe7 Bxe7 26. h4 d4 27. Na4 Nd5 28.
hxg5 hxg5 29. Qc1 Rc6 30. Qd1 Rh8 31. Qg4 Rch6 32. Kf1 Bf6 33. Qd7 Rd8 34. Qxb7
Re8 35. f3 Rh1+ 36. Kf2 Ne3 37. Nb2 Nxc2 38. Be4 Ne3 39. Bd6 Rf1+ 40. Kg3 Rg1
41. f4 gxf4+ 42. Kxf4 Rf1+ 43. Kg3 Rh8 44. Bf3 Rh4 45. Qc8 Rh8 46. Qb7 Nf5+ 47.
Kf4 Nxd6 48. Qxa6 Rh4+ 49. g4 Rh3 50. Qxf1 Rh2 51. Bg2 Kg6 52. Qd3+ Kg7 53. Qg3
Rh4 54. Nc4 Nb5 55. a4 Nc3 56. Kf5 d3 57. Qxd3 Rh8 58. Bf3 Re8 59. a5 Kh6 60. a6
Nb5 61. Kxf6 Nd6 62. g5# 1-0

[Event "Norway Chess Open GM 2024"]
[Site "Stavanger NOR"]
[Date "2024.05.27"]
[Round "6.24"]
[White "Omtvedt, Aleksander"]
[Black "Jeyanth, R"]
[Result "0-1"]
[WhiteElo "1935"]
[BlackElo "1808"]
[WhiteFideId "1511076"]
[BlackFideId "25618750"]
[EventDate "2024.05.24"]

1. Nf3 Nf6 2. c4 e6 3. b3 d5 4. e3 c5 5. Be2 Nc6 6. O-O Bd6 7. cxd5 exd5 8. d4
b6 9. Bb2 Bb7 10. Nc3 O-O 11. Rc1 a6 12. dxc5 bxc5 13. Na4 Ne4 14. h3 Nb4 15. a3
Nc6 16. Nd2 Qe7 17. Nb6 Rad8 18. Qc2 Nxd2 19. Qxd2 d4 20. Nc4 Bb8 21. Rfd1 Qc7
22. g3 Rfe8 23. Qc2 dxe3 24. Nxe3 Rxe3 25. fxe3 Qxg3+ 26. Kf1 Qxh3+ 27. Kg1 Bh2+ 0-1

[Event "Norway Chess Open GM 2024"]
[Site "Stavanger NOR"]
[Date "2024.05.27"]
[Round "6.25"]
[White "McCartney, Steven"]
[Black "Skytte, Robert"]
[Result "0-1"]
[WhiteElo "1802"]
[BlackElo "1918"]
[WhiteFideId "2642212"]
[BlackFideId "1471775"]
[EventDate "2024.05.24"]

1. d4 d5 2. Bg5 Nf6 3. Bxf6 exf6 4. e3 Be7 5. Nd2 O-O 6. Bd3 Nd7 7. c4 dxc4 8.
Bxc4 c5 9. Ngf3 cxd4 10. Nxd4 Ne5 11. O-O Bg4 12. Be2 Bxe2 13. Qxe2 Bc5 14. N2b3
Bxd4 15. Nxd4 Qb6 16. Rfd1 Rac8 17. Rac1 Nc6 18. Qg4 Qb4 19. a3 Qa4 20. b3 Qxa3
21. Nf5 g6 22. Nh6+ Kg7 23. Nxf7 Kxf7 24. Qd7+ Qe7 25. Qh3 Ne5 26. Qxh7+ Ke6 27.
Qh3+ f5 28. Ra1 Rfd8 29. f4 Ng4 30. Qf3 Qc5 31. Re1 b5 32. h3 Nf6 33. Kh2 Ne4
34. Ra6+ Kf7 35. Rea1 Rc7 36. Qf1 Qxe3 37. Qxb5 Qxf4+ 38. Kg1 Rc1+ 0-1